| 000 | 00753nam a2200229 4500 | ||
|---|---|---|---|
| 003 | CO-ViMGA | ||
| 020 | _a9789585474222 | ||
| 040 |
_aCO-ViMGA _bspa _cCO-ViMGA |
||
| 090 | _aN ARC2 | ||
| 100 | 1 |
_aArciniegas, Gabriela _913156 |
|
| 245 | 1 | 0 |
_aRojo sombra / _cGabriela A. Arciniegas |
| 260 |
_aBogotá : _b Laguna Libros |
||
| 300 |
_a602 [6] páginas ; _b 21 cm |
||
| 490 | _aPlan Nacional de Lectura y Escritura Leer es mi cuento /Ministerio de Cultura | ||
| 500 | _aRecomendado para público adulto | ||
| 650 | 1 | 4 |
_aAntropofagia - Novela _913157 |
| 650 | 1 | 4 |
_aAsesinos - Novela _913158 |
| 650 | 1 | 4 |
_aAutores Colombianos _913159 |
| 650 | 1 | 4 |
_aLiteratura Colombiana _ySiglo Xx _98269 |
| 650 | 1 | 4 |
_aNovela Colombiana _y Siglo Xx _98275 |
| 942 |
_2ddc _cBK |
||
| 999 |
_c8589 _d8589 |
||